Typológia zariaďovacích prvkov

Salvato in:
Dettagli Bibliografici
Autore principale: Poštulková, Ľudmila (Autore)
Natura: Libro
Pubblicazione: Technická univerzita vo Zvolene, 2004
Tags: Aggiungi Tag
Nessun Tag, puoi essere il primo ad aggiungerne!!

MARC

LEADER 00000nam a22000003a 4500
001 stu141954
005 20150617225926.8
008 070531s2004----------------------------d
040 |a STU  |b slo 
041 0
100 1 |a Poštulková, Ľudmila  |4 aut 
245 1 |a Typológia zariaďovacích prvkov 
260 |b Technická univerzita vo Zvolene,  |c 2004 
300 |a 112 s 
996 |c A*3874  |l AA5150  |s P  |a 0  |w stu141954_0001